000 00423cam a22001457a 4500
008 180718b2001 xxu||||| |||| 00| 0 eng d
020 _a8173914230
082 _aT19x54 Sa74
100 _aSarma, P.V.
245 _aEmerging issues of Indian economic development
_cby P.V. Sarma
260 _aNew Delhi
_bKanishka
_c2001
300 _a201p.
650 _aIndia - Economic conditions
650 _aEconomic development - India
999 _c399245
_d399245